000 00963nam a22002537a 4500
005 20170124103025.0
010 _aA-387967
020 _c35.00
035 _aA-387967
037 _bCen Lib/Ret
040 _aDPL
_bHN
082 _a
_bशुक्लम
100 _aशुक्ल, मत्स्येन्द्र
_942758
245 _aअसंतुष्ट /
_cमत्स्येन्द्र शुक्ल
246 _aAsantusht /
_bby Matsyendra Shukla
260 _aइलाहाबाद
_bआचार्य प्रकाशन
_c1989
270 _bइलाहाबाद
_a१९० बी/10 राजरूपपुर
300 _a133पृ.
_c17सेमी(सजिल्द)
650 _aहिन्दी साहित्य
_9111990
650 _aकहानियां
_9111991
650 _aHindi literature
_9111992
650 _aStories
_97500
942 _2ddc
_cHN
_h
_mशुक्लम
999 _c115533
_d115533